000 00881cam a2200277 a 4500
001 2723
005 20240111101826.0
020 _a0060284544
020 _a0060284528 (lib. bdg.)
020 _a9780439329248
040 _aDLC
_cDLC
_dDLC
_beng
050 0 0 _aPZ7.W5718
_bHo 2000
082 0 0 _221
100 1 _aWhelan, Gloria
245 1 0 _aHomeless bird /
_cGloria Whelan
250 _aFirst Scholastic printing, September 2001
260 _aNew York :
_bScholastic,
_c2000
300 _a216 pages ;
_c19 cm
505 _aR
520 _aWhen thirteen-year-old Koly enters into an ill-fated arranged marriage, she must either suffer a destiny dictated by India's tradition or find the courage to oppose it.
521 _a800
_bLexile
521 _aR
_bRaz-Plus
650 1 _aCourage
_vFiction.
906 _a7
_bcbc
_corignew
_d1
_eocip
_f19
_gy-gencatlg
942 _2ddc
_cBK
_n0
999 _c2723
_d2723